000 00309nam a2200121Ia 4500
008 190216s9999||||xx |||||||||||||| ||und||
100 _a"Shashi K Gupta,Nisha Aggarwal,Neeti Gupta"
245 0 _aFinancial Markets And Institutions
260 _bKalyani Pub
300 _a235
650 _aCommerce
942 _cBK
999 _c6590
_d6590